あるタイプの中で一番最初に出たポケモン - Statistics

General Stats
  • This quiz has been taken 376 times
  • The average score is 55 of 161
Answer Stats
Hint Answer % Correct
ほのお ヒトカゲ
95%
みず ゼニガメ
94%
でんき ピカチュウ
93%
くさ どく フシギダネ
90%
ノーマル コラッタ
74%
ノーマル ひこう ポッポ
74%
ノーマル あく コラッタ
74%
むし キャタピー
67%
ほのお ひこう リザードン
62%
どく ゴースト ゴース
62%
でんき いわ イシツブテ
60%
じめん いわ イシツブテ
60%
エスパー ケーシィ
57%
ドラゴン ミニリュウ
56%
こおり ひこう フリーザー
53%
でんき ひこう サンダー
52%
じめん サンド
50%
でんき はがね コイル
50%
こおり はがね サンド
50%
ほのお みず ボルケニオン
49%
どく アーボ
47%
ひこう ドラゴン カイリュー
46%
どく むし ビードル
45%
ひこう むし バタフリー
45%
ほのお でんき ロトム
44%
みず ひこう ギャラドス
44%
でんき くさ ロトム
44%
でんき こおり ロトム
44%
でんき ゴースト ロトム
44%
フェアリー ピッピ
43%
かくとう マンキー
42%
みず こおり ジュゴン
42%
みず じめん ウパー
42%
どく ひこう ズバット
42%
ほのお かくとう ワカシャモ
41%
ほのお ゴースト ヒトモシ
41%
ほのお ドラゴン レシラム
41%
ほのお はがね ヒードラン
41%
みず でんき チョンチー
41%
みず ドラゴン キングドラ
41%
こおり エスパー ルージュラ
41%
ノーマル フェアリー プリン
40%
ほのお あく デルビル
40%
みず くさ ハスボー
40%
みず どく メノクラゲ
40%
でんき ドラゴン ゼクロム
40%
くさ こおり ユキカブリ
40%
くさ むし パラス
40%
こおり ドラゴン キュレム
40%
ひこう はがね エアームド
40%
くさ エスパー タマタマ
39%
こおり ゴースト ユキメノコ
39%
こおり あく ニューラ
39%
ノーマル ほのお シシコ
38%
ノーマル みず ビーダル
38%
ドラゴン はがね ディアルガ
38%
ひこう トルネロス
37%
ノーマル ドラゴン ジジーロン
37%
みず はがね エンペルト
37%
じめん はがね ハガネール
37%
ひこう いわ プテラ
37%
ゴースト あく ヤミラミ
37%
ノーマル ゴースト ゾロア
36%
みず かくとう ニョロボン
36%
みず フェアリー マリル
35%
かくとう エスパー アサナン
35%
みず ゴースト プルリル
34%
こおり じめん ウリムー
34%
かくとう ひこう ルチャブル
34%
ほのお くさ スコヴィラン
33%
みず エスパー ヤドン
33%
みず むし アメタマ
33%
くさ はがね テッシード
33%
ゴースト ムウマ
32%
ほのお むし メラルバ
32%
じめん ドラゴン ビブラーバ
32%
くさ モンジャラ
31%
ほのお じめん ドンメル
31%
でんき エスパー ライチュウ
31%
こおり むし ユキハミ
31%
かくとう どく グレッグル
31%
かくとう はがね ルカリオ
31%
ひこう あく ヤミカラス
31%
あく ブラッキー
30%
ノーマル でんき エリキテル
30%
ほのお いわ マグカルゴ
30%
みず いわ オムナイト
30%
でんき じめん マッギョ
30%
くさ じめん ドダイトス
30%
くさ あく コノハナ
30%
エスパー はがね ダンバル
30%
むし ゴースト ヌケニン
30%
いわ はがね ココドラ
30%
ゴースト ドラゴン ギラティナ
30%
ゴースト フェアリー ミミッキュ
30%
はがね フェアリー クチート
30%
でんき どく エレズン
29%
でんき むし バチュル
29%
くさ かくとう キノガッサ
29%
くさ ひこう ハネッコ
29%
くさ いわ リリーラ
29%
どく ドラゴン ドラミドロ
29%
ほのお こおり ヒヒダルマ
28%
ほのお どく ヤトウモリ
28%
みず あく キバニア
28%
ひこう エスパー ネイティ
28%
むし はがね フォレトス
28%
いわ あく バンギラス
28%
ドラゴン あく モノズ
28%
かくとう むし ヘラクロス
27%
じめん ひこう グライガー
27%
でんき フェアリー デデンネ
26%
くさ ゴースト ボクレー
26%
こおり いわ アマルス
26%
こおり フェアリー キュウコン
26%
いわ ドラゴン チゴラス
26%
いわ フェアリー メレシー
26%
あく はがね コマタナ
25%
ノーマル どく シルシュルー
24%
ノーマル エスパー キリンリキ
24%
かくとう ゴースト マーシャドー
24%
どく じめん ニドクイン
24%
でんき あく モルペコ
23%
かくとう ドラゴン ジャランゴ
23%
かくとう あく ズルッグ
23%
じめん エスパー ヤジロン
23%
じめん ゴースト ゴビット
23%
ひこう ゴースト フワンテ
23%
ノーマル くさ シキジカ
22%
くさ ドラゴン ナッシー
22%
かくとう いわ テラキオン
22%
どく はがね ブロロン
22%
むし フェアリー アブリー
22%
ゴースト はがね ヒトツキ
22%
ノーマル じめん ホルード
21%
くさ フェアリー モンメン
21%
こおり かくとう ケケンカニ
21%
ほのお エスパー ビクティニ
20%
ひこう フェアリー トゲチック
20%
エスパー ドラゴン ラティアス
20%
あく フェアリー ベロバー
20%
でんき かくとう パモット
19%
じめん あく メグロコ
19%
エスパー あく マーイーカ
19%
むし あく エクスレッグ
19%
じめん むし ツチニン
18%
ノーマル かくとう メロエッタ
17%
どく あく スカンプー
17%
エスパー フェアリー バリヤード
16%
かくとう じめん イダイナキバ
15%
どく いわ ウツロイド
15%
かくとう フェアリー テツノブジン
14%
エスパー むし レドームシ
14%
エスパー いわ ルナトーン
14%
エスパー ゴースト フーパ
14%
いわ ウソッキー
13%
どく エスパー ヤドラン
13%
むし いわ ツボツボ
13%
はがね レジスチル
12%
どく フェアリー マタドガス
12%
こおり ポワルン
5%
No matching quizzes found
Score Distribution
Percent of People with Each Score
Percentile by Number Answered
Your Score History
You have not taken this quiz